| 000 | 01145cab a2200265 4500 | ||
|---|---|---|---|
| 001 | X1758 | ||
| 008 | 090401t1994 xxu||||| |||| 00| 0 eng d | ||
| 035 | _a(Sirsi) u19075 | ||
| 041 | _aeng | ||
| 245 | _aCoal Contractors Ltd v SoS Environment and Northumberland CC | ||
| 260 | _c1994 | ||
| 350 | _a0 | ||
| 490 |
_aProperty and Compensation Reports _v(1994) 68 P&CR 285-299(15) |
||
| 520 | _aQBD 9 December 1993. Town and Country Planning - appeal against refusal of permission for open cast mining development - land falling within Hadrian`s Wall Military Zone World Heritage Site - visual impact of development - SoS disagreed with Inspector`s recommendation - whether adequate reasons for decision given - whether difference on a finding of fact - whether SoS perverse. | ||
| 650 | _aCOAL CONTRACTORS LTD V SOS ENVIRONMENT & NORTHUMBERLAND CC | ||
| 650 | _aHADRIANS WALL | ||
| 650 | _aOPENCAST MINING | ||
| 650 | _aPLANNING PERMISSION | ||
| 650 | _aTOWN AND COUNTRY PLANNING | ||
| 650 | _aVISUAL IMPACT | ||
| 650 | _aWORLD HERITAGE SITE | ||
| 690 | _aPLANNING LAW AND PRACTICE-CASE LAW | ||
| 942 | _n0 | ||
| 948 | _c04/03/1997 | ||
| 999 |
_c12701 _d12701 |
||